| 000 | 00334nam a2200133Ia 4500 | ||
|---|---|---|---|
| 005 | 20251222144802.0 | ||
| 008 | 251222s9999||||xx |||||||||||||| ||spa|| | ||
| 082 | _a323.098.551/C529 | ||
| 100 | _aChávez, Carmela | ||
| 245 | 0 | _aPlan Regional de Derechos Humanos Junín | |
| 250 | _a1ra.ed. | ||
| 264 | _bImprenta Rios | ||
| 942 | _cLIB | ||
| 999 |
_c19755 _d19755 |
||